Kerala Karshakan (Record no. 5100)
[ view plain ]
| 000 -LEADER | |
|---|---|
| fixed length control field | 00379nam a2200133Ia 4500 |
| 245 #0 - TITLE STATEMENT | |
| Title | Kerala Karshakan |
| 260 ## - PUBLICATION, DISTRIBUTION, ETC. (IMPRINT) | |
| Name of publisher | Farm Information Bureau |
| Place of publication | Trivandrum |
| 310 ## - CURRENT PUBLICATION FREQUENCY | |
| Current publication frequency | M |
| 500 ## - GENERAL NOTE | |
| General note | Ending Volume & Year: , 2000 |
| 500 ## - GENERAL NOTE | |
| General note | Missing Volume: 6-8;11;14;17-21incomplete |
| 500 ## - GENERAL NOTE | |
| General note | Starting Volume & Year: 5, 1955 |
| 942 ## - ADDED ENTRY ELEMENTS (KOHA) | |
| Koha item type | Bound Journal |
| Withdrawn status | Lost status | Damaged status | Not for loan | Home library | Current library | Date acquired | Accession Number | Koha item type |
|---|---|---|---|---|---|---|---|---|
| Bound journals | RRII Library | RRII Library | 31/12/2021 | 05073J | Bound Journal |